| 000 | 00711nam a22002177a 4500 | ||
|---|---|---|---|
| 003 | URS | ||
| 005 | 20240507001457.0 | ||
| 008 | 240507t2019 ph ||||| |||| 00| 0 eng d | ||
| 040 |
_aDLC _beng _cDLC _dDLC _dURS _eDLC |
||
| 082 |
_a420 _bW996 2019 |
||
| 100 | _aWyson, John Daryl B. | ||
| 245 |
_aEnglish: _bfor academic and professional purposes/ _cJohn Daryl B. Wyson. |
||
| 264 |
_aQuezon City, Philippines: _bVibal Group, Inc., _c[2019] |
||
| 300 |
_axii, 282 pages; _c27 cm. |
||
| 336 |
_2rdacontent _atext _btxt |
||
| 337 |
_2rdamedia _aunmediated _bn |
||
| 338 |
_2rdacarrier _avolume _bnc |
||
| 504 | _aIncludes bibliographical references (page280), glossary and index. | ||
| 650 | _aEnglish | ||
| 942 |
_2ddc _cF |
||
| 999 |
_c79777 _d79776 |
||